000
00438nam a2200133Ia 4500
008
151001s9999||||xx |||||||||||||| ||und||
100
_a
श्री अ डांगे
245
_a
भारत स्वातंत्र्यापूर्वी व नंतर
250
_a
1
260
_b
अभिनव प्रकाशन इंदोर मध्यप्रदेश
260
_c
1972
300
_a
73
365
_b
18
999
_c
957862
_d
957859